Morte di Bellezza : storia di una verità nascosta /

Guardat en:
Dades bibliogràfiques
Autor principal: Gregorini, Maurizio, (1962- ) (Autor)
Format: Llibre
Idioma:italià
Publicat: Roma : Castelvecchi, 1997
Col·lecció:Contatti ; 87
Matèries:
Etiquetes: Afegir etiqueta
Sense etiquetes, Sigues el primer a etiquetar aquest registre!

MARC

LEADER 00000nam a22000007i 4500
001 IT\ICCU\VIA\0062041
003 ItRI
005 20260124121931.0
008 970429s1997 it |||||| ||||| |||||c
020 |a 8882100022 
040 |b ita  |c Arcigay Rimini 
041 7 |a ita  |2 ISO-639-2 
082 |a 851.914  |2 19 
100 1 |a Gregorini, Maurizio,  |d  (1962- )  |0 IT\ICCU\CFIV\071496  |4 aut 
245 1 0 |a Morte di Bellezza :  |b storia di una verità nascosta /  |c Maurizio Gregorini. 
260 |a Roma :  |b Castelvecchi,  |c 1997 
300 |a 143 p. ;  |c 19 cm. 
650 7 |a Bellezza, Dario 
830 0 |a Contatti ;  |v 87  |0 IT\ICCU\LO1\0306192 
942 |2 ddc  |c BK 
952 |0 0  |1 0  |2 ddc  |4 0  |6 851_914000000000000_GRE_MOR  |7 1  |9 2675  |a RN  |b RN  |d 2025-01-02  |l 0  |o 851.914 GRE MOR  |p 10088  |r 2025-01-02 11:47:53  |w 2025-01-02  |y BK 
952 |0 0  |1 0  |2 ddc  |4 0  |6 851_914000000000000_GRE_MOR  |7 0  |9 9602  |a VT  |b VT  |d 2025-09-16  |e Acquisto Arcigay Viterbo (fondi Banca Lazio Nord)  |i B222  |l 0  |o 851.914 GRE MOR  |p B222  |r 2025-09-16 19:43:43  |w 2025-09-16  |x Acquistato su: bibliotecadibabele.com  |y BK 
952 |0 0  |1 0  |4 0  |6 A_616_979000000000000_GRE  |7 0  |9 17531  |a BO  |b BO  |d 2026-01-15  |i 17007  |l 0  |o A 616.979 GRE  |p BO17007  |r 2026-01-15 23:19:40  |w 2026-01-15  |x [Sebina 5] [1 v.]  |y BK  |z 1 v. (2. copia) 
952 |0 0  |1 0  |4 0  |6 A_616_979000000000000_GRE  |7 0  |9 17532  |a BO  |b BO  |d 2026-01-15  |i 3824  |l 0  |o A 616.979 GRE  |p BO3824  |r 2026-01-15 23:19:40  |w 2026-01-15  |x [Sebina 5] [1 v.]  |y BK  |z 1 v. 
999 |c 2310  |d 2310